000 00283nam a22001217a 4500
008 170608b xxu||||| |||| 00| 0 eng d
041 _aeng
080 _a327
100 _a18
101 _aSHP
245 _aACCION DEMOCRACY MODERN POLITICAL PARTY
_cMARTZ.J.D
942 _2udc
_cBK
999 _c16405
_d16405